Southville International School and Colleges
Your cart is empty.
  • Cart
  • Lists
    Public lists Eva Luna New books Lux_list list_1
    Your lists Log in to create your own lists
  • Log in to your account
  • Your cookies
  • Search history
Southville International School and Colleges
  • Advanced search
  • Recent comments
  • Most popular
  • Libraries

Log in to your account

Log in with GOOGLE


If you do not have an external account, but do have a local account, you can still log in:

  1. Home
  2. MARC view: Sailboat lost /
Normal view MARC view ISBD view

Sailboat lost / (Record no. 103421)

[ view plain ]
MARC details
000 -LEADER
fixed length control field 00642nam a2200193 a 4500
005 - DATE AND TIME OF LATEST TRANSACTION
control field 20140412111301.0
008 - FIXED-LENGTH DATA ELEMENTS--GENERAL INFORMATION
fixed length control field 010404s19uu xx 00 eng d
020 ## - INTERNATIONAL STANDARD BOOK NUMBER
International Standard Book Number 0-02-735351-6
050 ## - LIBRARY OF CONGRESS CALL NUMBER
Classification number TR(PS E
Item number Sa2 1991
100 ## - MAIN ENTRY--PERSONAL NAME
Personal name Fisher, Leonard Everett
245 ## - TITLE STATEMENT
Title Sailboat lost /
Statement of responsibility, etc Leonard Everett Fisher.
250 ## - EDITION STATEMENT
Edition statement 1st Ed.
260 ## - PUBLICATION, DISTRIBUTION, ETC. (IMPRINT)
Place of publication, distribution, etc New York :
Name of publisher, distributor, etc Macmillan Publishing Company,
Date of publication, distribution, etc 1991.
300 ## - PHYSICAL DESCRIPTION
Extent 1 v. (unp.) ; ill.
520 ## - SUMMARY, ETC.
Summary, etc Two boys are stranded when their boat is carried away by a high tide and then rescued when it returns.
650 ## - SUBJECT ADDED ENTRY--TOPICAL TERM
Topical term or geographic name as entry element Boats and boating - Fiction
650 ## - SUBJECT ADDED ENTRY--TOPICAL TERM
Topical term or geographic name as entry element Stories in rhyme
Holdings
Withdrawn status Lost status Damaged status Use restrictions Home library Current library Shelving location Date acquired Source of acquisition Total Checkouts Full call number Barcode Date last seen Price effective from Koha item type
        Elizalde Library Elizalde Library Teachers Reference Section 04/04/2001     TR(PS E Sa2 1991 E4782 04/12/2014 04/12/2014 Books

Sailboat lost /

APA

Fisher L. E., . (1991). Sailboat lost. New York: Macmillan Publishing Company.

Chicago

Fisher Leonard Everett, . 1991. Sailboat lost. New York: Macmillan Publishing Company.

Harvard

Fisher L. E., . (1991). Sailboat lost. New York: Macmillan Publishing Company.

MLA

Fisher Leonard Everett, . Sailboat lost. New York: Macmillan Publishing Company. 1991.

  • Place hold
  • Print
  • Cite
  • Add to your cart (remove)
  • Save record
    BIBTEX Dublin Core MARCXML MARC (non-Unicode/MARC-8) MARC (Unicode/UTF-8) MARC (Unicode/UTF-8, Standard) MODS (XML) RIS
  • More searches
    Search for this title in:
    Other Libraries (WorldCat) Other Databases (Google Scholar) Online Stores (Bookfinder.com) Open Library (openlibrary.org)

Exporting to Dublin Core...

SOUTHVILLE LIBRARY

Southville International School and Colleges Library

1281 Tropical Ave. Cor. Luxembourg St., BF Homes International, Las Pinas City

Tel. No. 8256374 / 252358 Loc. 117/146

Powered by Koha